[Event "Bankia op"]
[Site "Bankia"]
[Date "1992.??.??"]
[Round "7"]
[White "Nikolov, Sasho"]
[Black "Dimitrov, Vladimir"]
[Result "1-0"]
[WhiteElo "2345"]
[BlackElo "2405"]

1.d4 Nf6 2.c4 g6 3.Nc3 Bg7 4.e4 d6 5.Nf3 O-O 6.Be2 e5 7.O-O Nc6 8.d5 Ne7
9.Nd2 Ne8 10.b4 f5 11.c5 Kh8 12.a4 Ng8 13.Ba3 Ngf6 14.f3 f4 15.Nc4 Nh5 16.b5 Ng3
17.Re1 Nxe2+ 18.Qxe2 b6 19.cxd6 cxd6 20.Na2 g5 21.Nb4 h5 22.Nc6 Qf6 23.h3 Rg8
24.Kf1 Bh6 25.Bb2 Kh7 26.Qf2 g4 27.hxg4 Bg5 28.Ke2 Bh4 29.Qg1 Bxe1 30.Rxe1 Rg6
31.Qh2 Rh6 32.Rh1 Bd7 33.N4xe5 Bxc6 34.g5 Qe7 35.g6+ Kg8 36.Nxc6 Qg5 37.Bc1 Rxg6
38.Kf1 Ng7 39.Bxf4 Qf6 40.e5 dxe5 41.Bxe5 Qg5 42.f4 Rf8 43.Kg1 Qg4 44.Qh3 Rf7
45.Qxg4 Rxg4 46.Kf2 h4 47.Rd1 Rd7 48.d6 Ne6 49.Nb8 Rd8 50.d7 Kf7 51.Nc6 Rdg8
52.d8=Q Rxg2+ 53.Kf3 R8g3+ 54.Ke4 Nxd8 55.Rd7+ Ke8 56.Rxd8+ Kf7 57.Rd7+ Ke8
58.Rh7 h3 59.f5  1-0

[Event "Barcelona"]
[Site "Barcelona"]
[Date "1992.??.??"]
[Round "?"]
[White "Sokolov, Ivan"]
[Black "Akopian, Vladimir"]
[Result "1-0"]
[WhiteElo "2630"]
[BlackElo "2605"]

1.d4 Nf6 2.c4 g6 3.Nc3 Bg7 4.e4 d6 5.Nf3 O-O 6.Be2 e5 7.O-O Nc6 8.Be3 Ng4
9.Bg5 f6 10.Bc1 Nh6 11.d5 Ne7 12.b4 a5 13.bxa5 c5 14.Qb3 Rxa5 15.Ne1 f5 16.f3 Kh8
17.Na4 Ra6 18.Rb1 Bd7 19.Nc3 Bc8 20.Nd3 Neg8 21.f4 exf4 22.Nxf4 fxe4 23.Nxe4 Nf5
24.Qh3 Ngh6 25.Ne6 Bxe6 26.dxe6 Rxa2 27.Bg5 Qe8 28.e7 Rxe2 29.Nxd6 Nxd6 30.exf8=Q+ Bxf8
31.Bxh6 Bxh6 32.Qxh6 Nf5 33.Qg5 h6 34.Qf4 Re7 35.Qf2 Qc6 36.Rbe1 Rd7 37.g4 Ng7
38.Qf6 Qxf6 39.Rxf6 Kh7 40.Re5 h5 41.g5 Rc7 42.Rf8 Rd7 43.Rb8 Rc7 44.Rd8 Rf7
45.Red5 Ne6 46.R8d6 Nf4 47.Rd7 Nh3+ 48.Kg2 Nf4+ 49.Kf3  1-0

[Event "Beersheba-B"]
[Site "Beersheba"]
[Date "1992.??.??"]
[Round "8"]
[White "Tsesarsky, Ilya"]
[Black "Lederer, Yoav"]
[Result "1/2-1/2"]
[WhiteElo "2450"]
[BlackElo "2245"]

1.Nf3 Nf6 2.c4 g6 3.Nc3 Bg7 4.e4 d6 5.d4 O-O 6.Be2 e5 7.O-O Nc6 8.Be3 Re8
9.dxe5 dxe5 10.Qxd8 Nxd8 11.Nb5 Ne6 12.Ng5 Re7 13.Rfd1 b6 14.a4 c6 15.Nxe6 Bxe6
16.Nc3 Rb7 17.b4 Bf8 18.b5 Rc8 19.Bg5 Nd7 20.Nd5 Nc5 21.Nf6+ Kg7 22.Ng4 Nd7
23.Bh6+ Kg8 24.Bxf8 Kxf8 25.a5 cxb5 26.cxb5 Rc2 27.axb6 axb6 28.Bd3 Bxg4
29.Bxc2 Bxd1 30.Bxd1 Nc5 31.f3 Rd7 32.Be2 Rd4 33.Ra8+ Ke7 34.Rb8 Nd7 35.Rc8 Nc5
36.Rb8 Na4 37.Kf2 f5 38.exf5 gxf5 39.Rh8 Rh4 40.Kg3 Rh6 41.h4 Nc5 42.Bc4 Nd7
43.Kh3 Nf8 44.g3 f4 45.Bd3 Kf7 46.Bc4+ Ke7  1/2-1/2

[Event "Belfort op"]
[Site "Belfort"]
[Date "1992.??.??"]
[Round "6"]
[White "Komarov, Dimitri"]
[Black "Wagner, Harald"]
[Result "1/2-1/2"]
[WhiteElo "2455"]
[BlackElo "2285"]

1.d4 Nf6 2.Nf3 g6 3.c4 Bg7 4.Nc3 O-O 5.e4 d6 6.Be2 e5 7.O-O Nc6 8.d5 Ne7
9.Nd2 a5 10.a3 Bd7 11.Rb1 a4 12.b4 axb3 13.Nxb3 b6 14.Ra1 Ne8 15.a4 f5 16.f3 Kh8
17.Bd2 Nf6 18.Qc2 Nh5 19.g3 Nf6 20.Nb5 fxe4 21.fxe4 Bh3 22.Rf3 Qd7 23.Qd3 Ra6
24.Nc3 Rfa8 25.Bg5 Neg8 26.Nd2 Qe8 27.Re1 h6 28.Be3 Bd7 29.Bd1 Qe7 30.Kg2 Ra5
31.h3 Rf8 32.Ref1 Raa8 33.Nb5 Rac8 34.R3f2 Nh7 35.Nf3 Bf6 36.Qd2 Kg7 37.h4 g5
38.hxg5 Bxg5  1/2-1/2

[Event "Belfort op"]
[Site "Belfort"]
[Date "1992.??.??"]
[Round "8"]
[White "Ragozin, Evgeni"]
[Black "Degraeve, Jean Marc"]
[Result "1-0"]
[WhiteElo "2415"]
[BlackElo "2470"]

1.c4 g6 2.Nf3 Bg7 3.e4 d6 4.d4 Nf6 5.Nc3 O-O 6.Be2 e5 7.O-O Nc6 8.d5 Ne7
9.Ne1 Nd7 10.Nd3 f5 11.Bd2 Nf6 12.f3 f4 13.c5 g5 14.Rc1 Ng6 15.cxd6 cxd6
16.Nb5 Rf7 17.Qc2 g4 18.Nc7 Rb8 19.Ne6 Qb6+ 20.Kh1 Nf8 21.Nc7 gxf3 22.Bxf3 Bd7
23.Qb3 Qxb3 24.axb3 Ng6 25.Bb4 Bf8 26.Ne6 Be7 27.Nf2 Nf8 28.Ng4 Nxe6 29.Nh6+ Kf8
30.dxe6 Bxe6 31.Nxf7 Bxf7 32.Rfd1 Rd8 33.Rc7 Bg6 34.Re1 Rb8 35.g3 fxg3 36.hxg3 Ke8
37.Bd2 Bd8 38.Rg7 Rc8 39.Rxb7 Rc2 40.Bg5 Rf2 41.Bg2 Nd7 42.Bh3 Bxg5 43.Bxd7+ Ke7
44.Bc6+ Kd8 45.Rxa7 Rc2 46.Bd5 Rxb2 47.Rf1 Bh6 48.Rf6  1-0

[Event "Belgrade IKO"]
[Site "Belgrade"]
[Date "1992.??.??"]
[Round "3"]
[White "Iashvili, Akaki"]
[Black "Pavlovic, Milos"]
[Result "1-0"]
[WhiteElo "2455"]
[BlackElo "2450"]

1.d4 Nf6 2.c4 g6 3.Nc3 Bg7 4.e4 d6 5.Nf3 O-O 6.Be2 e5 7.O-O Nc6 8.d5 Ne7
9.Ne1 Nd7 10.Be3 f5 11.f3 f4 12.Bf2 g5 13.a4 Ng6 14.a5 Kh8 15.Rc1 Rg8 16.c5 Nf6
17.cxd6 cxd6 18.Nb5 g4 19.fxg4 Nxe4 20.Nc7 Nxf2 21.Rxf2 Rb8 22.Bf3 Bf6 23.b4 Qe7
24.Rc4 Nh4 25.Nb5 Nxf3+ 26.gxf3 Bh4 27.Rfc2 Bxe1 28.Qxe1 Bxg4 29.fxg4 Qd7
30.h3 Qxb5 31.Qh4 Rbf8 32.Rc7 Qd3 33.R2c3 Qg6 34.Rxb7 f3 35.Qf2 Qb1+ 36.Kh2 Rg7
37.Rxf3  1-0

[Event "Belgrade IKO"]
[Site "Belgrade"]
[Date "1992.??.??"]
[Round "7"]
[White "Iashvili, Akaki"]
[Black "Popovic, Petar"]
[Result "1-0"]
[WhiteElo "2455"]
[BlackElo "2535"]

1.d4 Nf6 2.c4 g6 3.Nc3 Bg7 4.e4 d6 5.Nf3 O-O 6.Be2 e5 7.O-O Nc6 8.d5 Ne7
9.Ne1 Nd7 10.Nd3 f5 11.Bd2 Nf6 12.f3 f4 13.c5 g5 14.Rc1 Ng6 15.cxd6 cxd6
16.Nf2 Rf7 17.Qc2 a6 18.a4 h5 19.h3 Bh6 20.a5 Qxa5 21.Nb5 Qb6 22.Ra1 Qd8
23.Rfc1 Rb8 24.Na7 Bd7 25.Nc6 bxc6 26.dxc6 Rc8 27.Bc4 Rxc6 28.Bxf7+ Kxf7
29.Qb3+ d5 30.Rxc6 Bxc6 31.Rxa6 Ne7 32.Qd3 Qc7 33.Ba5  1-0

[Event "Belgrade IKO"]
[Site "Belgrade"]
[Date "1992.??.??"]
[Round "10"]
[White "Shipov, Sergei"]
[Black "Pavlovic, Milos"]
[Result "1/2-1/2"]
[WhiteElo "2490"]
[BlackElo "2450"]

1.d4 Nf6 2.c4 g6 3.Nc3 Bg7 4.e4 d6 5.Nf3 O-O 6.Be2 e5 7.O-O Nc6 8.Be3 Ng4
9.Bg5 f6 10.Bc1 Kh8 11.h3 exd4 12.Nxd4 Nxd4 13.Qxd4 f5 14.Qd1 Nh6 15.exf5 Nxf5
16.Bf3 c6 17.Bg4  1/2-1/2

[Event "Benidorm op"]
[Site "Benidorm"]
[Date "1992.??.??"]
[Round "6"]
[White "Komljenovic, Davor"]
[Black "Hebden, Mark"]
[Result "1/2-1/2"]
[WhiteElo "2495"]
[BlackElo "2500"]

1.d4 Nf6 2.Nf3 g6 3.c4 Bg7 4.Nc3 O-O 5.e4 d6 6.Be2 e5 7.O-O Nc6 8.d5 Ne7
9.Nd2 Ne8 10.b4 f5 11.f3 f4 12.c5 h5 13.Nc4 g5 14.a4 Rf6 15.Ba3 Rg6 16.b5 dxc5
17.Bxc5 Kh8 18.a5 Ng8 19.b6 g4 20.fxg4 hxg4 21.g3 cxb6  1/2-1/2

[Event "Berliner Sommer"]
[Site "Berlin"]
[Date "1992.??.??"]
[Round "?"]
[White "Ragozin, Evgeni"]
[Black "Urban, Klaudiusz"]
[Result "1-0"]
[WhiteElo "2505"]
[BlackElo "2455"]

1.c4 Nf6 2.Nc3 g6 3.e4 d6 4.d4 Bg7 5.Be2 O-O 6.Nf3 e5 7.O-O Nc6 8.d5 Ne7
9.Ne1 Nd7 10.Nd3 f5 11.Bd2 Nf6 12.f3 Rf7 13.Rc1 Qf8 14.c5 Bh6 15.b4 Kh8 16.Bxh6 Qxh6
17.Nb5 Qe3+ 18.Kh1 fxe4 19.fxe4 Qxe4 20.cxd6 Nf5 21.dxc7 Qh4 22.Qe1 Qxe1
23.Rfxe1 a6 24.Nc3 e4 25.Nc5 Nd6 26.Rf1 Kg7 27.N3a4 Nxd5 28.Rxf7+ Nxf7 29.Bc4 Nxc7
30.Bxf7 Bf5 31.Bb3 e3 32.Re1 b5 33.Nc3 a5 34.bxa5 b4 35.N3e4  1-0

[Event "Bern op"]
[Site "Bern"]
[Date "1992.??.??"]
[Round "6"]
[White "Chiong, Luiz"]
[Black "Arakhamia, Ketevan"]
[Result "1-0"]
[WhiteElo "2350"]
[BlackElo "2445"]

1.d4 Nf6 2.c4 g6 3.Nc3 Bg7 4.e4 d6 5.Nf3 O-O 6.Be2 e5 7.O-O Nc6 8.d5 Ne7
9.Ne1 Nd7 10.Nd3 f5 11.Bd2 Nf6 12.f3 c6 13.Kh1 Kh8 14.Be3 f4 15.Bf2 c5 16.a3 g5
17.b4 b6 18.bxc5 bxc5 19.Rb1 h5 20.Nb5 Ne8 21.Nxd6 Nxd6 22.Nxc5 Ng6 23.Nb3 g4
24.c5 Qg5 25.Qd2 Nf7 26.c6 h4 27.fxg4 Bxg4 28.Bxg4 Qxg4 29.h3 Qh5 30.Qd1 Qxd1
31.Rfxd1 Nd6 32.Nd2 Rfc8 33.Rb7 Nf8 34.a4 a5 35.Rdb1  1-0

[Event "Bern op"]
[Site "Bern"]
[Date "1992.??.??"]
[Round "8"]
[White "Roeder, Mathias"]
[Black "Hebden, Mark"]
[Result "0-1"]
[WhiteElo "2420"]
[BlackElo "2500"]

1.d4 Nf6 2.c4 g6 3.Nc3 Bg7 4.e4 d6 5.Be2 O-O 6.Nf3 e5 7.O-O Nc6 8.d5 Ne7
9.Ne1 Nd7 10.Nd3 f5 11.Bd2 Nf6 12.f3 f4 13.c5 g5 14.Rc1 Ng6 15.cxd6 cxd6
16.Nb5 Rf7 17.Qc2 Ne8 18.a4 Bf8 19.Nf2 Bd7 20.Qb3 h5 21.h3 Qb8 22.a5 Rg7
23.Rc3 Be7 24.Ra1 Bd8 25.Rcc1 Nh8 26.Na3 a6 27.Nc4 Bb5 28.Kf1 Nf7 29.Be1 Nh6
30.Nb6 Bxb6 31.axb6 Bxe2+ 32.Kxe2 Qd8 33.Nd3 g4 34.hxg4 hxg4 35.Bf2 Nf7 36.Rh1 g3
37.Be1 Qg5 38.Ba5 Qg6 39.Rac1 Ng5 40.Rc4 Rh7 41.Rxh7 Qxh7 42.Rc7 Nxf3 43.Rxh7 Nd4+
44.Ke1 Nxb3 45.Rxb7 Nxa5 46.Ra7 Rb8 47.b4 Nc4 48.b7 Kf7 49.Nc5 dxc5 50.bxc5 Ke7
51.c6 Nc7 52.Ke2 Kd6  0-1

[Event "Biel op"]
[Site "Biel"]
[Date "1992.??.??"]
[Round "2"]
[White "Baquero, Luis A"]
[Black "Spasov, Vasil"]
[Result "0-1"]
[WhiteElo "2370"]
[BlackElo "2535"]

1.d4 Nf6 2.c4 g6 3.Nc3 Bg7 4.e4 d6 5.Nf3 O-O 6.Be2 e5 7.O-O Nc6 8.d5 Ne7
9.Nd2 c5 10.Rb1 b6 11.b4 Ne8 12.bxc5 bxc5 13.Nb3 f5 14.f3 f4 15.Bd2 h5 16.Be1 g5
17.h3 Nf6 18.Nb5 g4 19.Ba5 Qd7 20.Nc7 gxh3 21.Nxa8 Kh7 22.gxh3 Bh6 23.Rf2 Rg8+
24.Kh1 Ne8 25.Qf1 Rg3 26.Rh2 h4 27.Be1 Nf6 28.Rg2 Nh5 29.Rxg3 fxg3 30.f4 Nxf4
31.Bg4 Qb7 32.Qf3 Qxa8 33.Na5 Bxg4 34.Qxg4 Qf8 35.Rb7 Nd3 36.Qf5+ Qxf5 37.exf5 Nxe1  0-1

[Event "Biel op"]
[Site "Biel"]
[Date "1992.??.??"]
[Round "8"]
[White "Gurevich, Dmitry"]
[Black "Golubev, Mihail"]
[Result "0-1"]
[WhiteElo "2490"]
[BlackElo "2490"]

1.d4 Nf6 2.c4 g6 3.Nc3 Bg7 4.e4 d6 5.Be2 O-O 6.Nf3 e5 7.O-O Nc6 8.d5 Ne7
9.Ne1 Nd7 10.Be3 f5 11.f3 f4 12.Bf2 g5 13.Nb5 Nf6 14.Nxa7 Bd7 15.Nb5 Ng6
16.Qc2 h5 17.c5 g4 18.c6 bxc6 19.dxc6 Bc8 20.Bc4+ Kh8 21.Nd3 g3 22.Be1 d5
23.exd5 Nxd5 24.Bd2 Qh4 25.h3 Bxh3 26.gxh3 Qxh3 27.Bc1 Nh4 28.Ne1 Rad8 29.a4 Ne3
30.Bxe3 fxe3 31.Be6 Qxe6 32.Rd1 Rxd1 33.Qxd1 Qh3 34.Qe2 Rd8 35.f4 Rd2 36.Qxh5+ Kg8
37.Qxh4 Qxh4 38.Nf3  0-1

[Event "Bled op"]
[Site "Bled"]
[Date "1992.??.??"]
[Round "2"]
[White "Bukic, Enver"]
[Black "Bohak, Janko"]
[Result "1/2-1/2"]
[WhiteElo "2455"]
[BlackElo "2235"]

1.d4 Nf6 2.c4 g6 3.Nc3 Bg7 4.e4 d6 5.Nf3 O-O 6.Be2 e5 7.O-O Nc6 8.Be3 Ng4
9.Bg5 f6 10.Bc1 Nh6 11.h3 Nf7 12.Be3 f5 13.dxe5 Ncxe5 14.exf5 Bxf5 15.Nxe5 Nxe5
16.Qd2 Nf7 17.Rad1 Re8 18.Rfe1 c6 19.Bf1 Qa5 20.Bd4 Bxd4 21.Qxd4 Qb6 22.Qxb6 axb6
23.Rxe8+ Rxe8 24.a3 Bc2 25.Rd2 Bb3 26.f4 Rd8 27.Kf2 g5 28.g3 Kg7 29.Bd3 gxf4
30.gxf4 d5 31.cxd5 Bxd5 32.Nxd5 Rxd5 33.Ke3 Nd6 34.Rg2+ Kf6 35.Rg8 Rh5 36.Bf1 b5
37.Rd8 Ke7 38.Ra8 Kf7 39.Rb8 Ke6 40.Rh8 Kd5 41.Kf3 Kd4 42.Kg4 Rh6 43.f5 Rf6
44.Rxh7 Rxf5 45.Rd7 Rxf1 46.Rxd6+ Ke4 47.Rd2 Rg1+ 48.Kh5 c5 49.h4 c4 50.Kh6 Ke3
51.Rh2 Kd4 52.h5 Kc5 53.Rf2 b4 54.Rf5+ Kd4 55.axb4 Rg2 56.Rb5 Rxb2 57.Rxb7 c3
58.Kg7 c2 59.Rc7 Kd3  1/2-1/2

[Event "Bled op (Women)"]
[Site "Bled"]
[Date "1992.??.??"]
[Round "2"]
[White "Shumiakina, Tatiana"]
[Black "Mihevc, Narcisa"]
[Result "1-0"]
[WhiteElo "2330"]
[BlackElo "2150"]

1.Nf3 Nf6 2.c4 g6 3.Nc3 Bg7 4.e4 d6 5.d4 O-O 6.Be2 e5 7.O-O Nc6 8.d5 Ne7
9.Nd2 a5 10.a3 Nd7 11.Rb1 f5 12.b4 Kh8 13.f3 Ng8 14.Nb3 axb4 15.axb4 Ndf6
16.Be3 Nh5 17.c5 Nf4 18.Nb5 Nf6 19.Nd2 N6h5 20.Kh1 Ra2 21.Bc4 Ra8 22.Qe1 Rf7
23.Qf2 Bh6 24.cxd6 cxd6 25.Ra1 Rxa1 26.Rxa1 Bg5 27.Ra8 Rf8 28.Nxd6 Qxd6 29.Bc5 Qf6
30.Bxf8 Qxf8 31.Qc5 Qxc5 32.bxc5 Nxg2 33.Kxg2 Bxd2 34.d6 Nf6 35.Rxc8+ Kg7  1-0

[Event "SWE-ch"]
[Site "Borlange"]
[Date "1992.??.??"]
[Round "2"]
[White "Engqvist, Thomas"]
[Black "Ornstein, Axel"]
[Result "1-0"]
[WhiteElo "2390"]
[BlackElo "2435"]

1.Nf3 Nf6 2.c4 g6 3.Nc3 Bg7 4.e4 O-O 5.d4 d6 6.Be2 e5 7.O-O Nc6 8.Be3 Ng4
9.Bg5 f6 10.Bh4 h5 11.h3 Nh6 12.dxe5 dxe5 13.Nd5 Be6 14.b4 Qd7 15.Qc1 g5
16.b5 Ne7 17.Bg3 Ng6 18.Rd1 Qf7 19.c5 h4 20.Bh2 g4 21.hxg4 Nxg4 22.c6 b6
23.Bc4 Bh6 24.Qc3 Kh8 25.a4 Nxh2 26.Nxh2 Rg8 27.Kh1 Nf4 28.Nxf4 Bxf4 29.Bxe6 Qxe6
30.Qf3 Rg5 31.Rd7 Rag8 32.Rg1 Qe8 33.Qh3 Bxh2 34.Kxh2 Qg6 35.Rxc7 Qxe4 36.Rd7 Qf4+
37.Kh1 Qxf2 38.c7 Qf4 39.Rd8 Qc4 40.c8=Q  1-0

[Event "Bratislava op"]
[Site "Bratislava"]
[Date "1992.??.??"]
[Round "9"]
[White "Tabatadze, Tamaz"]
[Black "Novik, Maxim"]
[Result "1-0"]
[WhiteElo "2405"]
[BlackElo "2430"]

1.c4 g6 2.e4 Bg7 3.d4 d6 4.Nc3 Nf6 5.Be2 O-O 6.Nf3 e5 7.O-O Nc6 8.d5 Ne7
9.b4 a5 10.Ba3 Nh5 11.c5 f5 12.Ng5 Nf4 13.Bc4 Kh8 14.bxa5 Nexd5 15.Nxd5 Qxg5
16.Nxf4 exf4 17.cxd6 fxe4 18.d7 f3 19.g3 Qg4 20.d8=Q  1-0

[Event "Brussels SWIFT rapid"]
[Site "Brussels"]
[Date "1992.??.??"]
[Round "?"]
[White "Georgiev, Kiril"]
[Black "Ehlvest, Jaan"]
[Result "1/2-1/2"]
[WhiteElo "2605"]
[BlackElo "2615"]

1.Nf3 Nf6 2.c4 g6 3.Nc3 Bg7 4.e4 d6 5.d4 O-O 6.Be2 e5 7.O-O Nc6 8.d5 Ne7
9.Nd2 a5 10.Rb1 Nd7 11.a3 f5 12.b4 Kh8 13.Qc2 Ng8 14.f3 Ndf6 15.c5 axb4 16.axb4 Nh5
17.g3 Ngf6 18.Nb5 fxe4 19.fxe4 Bh3 20.Rf2 Qe7 21.Rb3 Bh6 22.Na3 Bd7 23.Rc3 Ng4
24.Rxf8+ Rxf8 25.Nf3 Bxc1 26.Qxc1 c6 27.Qg5 Qxg5 28.Nxg5 dxc5 29.bxc5 Nhf6
30.h3 Nf2 31.Rf3 Nxh3+ 32.Nxh3 Bxh3 33.Nc4 Kg7 34.g4 Bxg4 35.Rxf6 Bxe2 36.Rxf8 Kxf8
37.Nxe5 cxd5 38.exd5 Ke7 39.Kf2 Bb5 40.Ke3 Be8 41.Nc4 Bb5 42.Nd6 Ba6 43.Nc8+ Kd8
44.Nb6 Kc7 45.Kf4 Bd3 46.Ke5 h5 47.d6+ Kd8 48.Kf4 Bf5 49.Kg5 Ke8 50.Nc4 Kd7
51.Ne5+ Ke6 52.Nf3 Kd7 53.Nd4 Be4 54.Kf4 Bd3 55.Nf3 Bf5 56.Nd4 Bd3 57.Kg5 Be4  1/2-1/2

[Event "Bucharest"]
[Site "Bucharest"]
[Date "1992.??.??"]
[Round "?"]
[White "Bouaziz, Slim"]
[Black "Itkis, Boris"]
[Result "1/2-1/2"]
[WhiteElo "2400"]
[BlackElo "2450"]

1.d4 Nf6 2.c4 g6 3.Nc3 Bg7 4.e4 d6 5.Nf3 O-O 6.Be2 e5 7.O-O Nc6 8.d5 Ne7
9.Nd2 a5 10.a3 Nd7 11.Rb1 Kh8 12.b4 f5  1/2-1/2

[Event "Bucharest"]
[Site "Bucharest"]
[Date "1992.??.??"]
[Round "?"]
[White "Grigore, George"]
[Black "Milu, Romeo Sorin"]
[Result "1-0"]
[WhiteElo "2410"]
[BlackElo "2420"]

1.d4 Nf6 2.c4 g6 3.Nc3 Bg7 4.e4 d6 5.Be2 O-O 6.Nf3 e5 7.O-O Nc6 8.d5 Ne7
9.Nd2 a5 10.a3 Nd7 11.Rb1 f5 12.b4 Kh8 13.f3 Ng8 14.Qc2 Ngf6 15.Bd3 f4 16.Nb5 b6
17.Bb2 Ne8 18.Be2 h5 19.c5 bxc5 20.bxc5 Nxc5 21.a4 g5 22.Ba3 Na6 23.Nb3 g4
24.Nxa5 Qh4 25.Nc6 Nc5 26.Nba7 Bd7 27.Rb8 Rxb8 28.Nxb8 Bxa4 29.Qa2 Nd7 30.Bb4 Nef6
31.Na6 gxf3 32.gxf3 Ra8 33.Qxa4 Rxa7 34.Qc6 Bf8 35.Be1 Qg5+ 36.Kh1 Nc5 37.Nxc5 dxc5
38.Rg1 Qh6 39.Bh4 Ng8 40.Qe8 Ra2 41.Bc4 Rc2 42.d6 Rxc4 43.dxc7  1-0

[Event "Spring op"]
[Site "Budapest"]
[Date "1992.??.??"]
[Round "?"]
[White "Kecskes, Gabor"]
[Black "Suranyi, Pal"]
[Result "1-0"]
[WhiteElo "2215"]
[BlackElo "2340"]

1.d4 Nf6 2.Nf3 g6 3.c4 Bg7 4.Nc3 O-O 5.e4 d6 6.Be2 e5 7.O-O Nc6 8.d5 Ne7
9.Ne1 Nd7 10.Nd3 f5 11.Bd2 Nf6 12.f3 f4 13.g4 fxg3 14.hxg3 Rf7 15.c5 a6 16.Be3 Bd7
17.b4 h6 18.Nf2 g5 19.Qb3 Ng6 20.c6 bxc6 21.dxc6 Bxc6 22.Bc4 Be8 23.Bxf7+ Bxf7
24.Qc2 c6 25.Na4 Rb8 26.a3 Ne7 27.Rfd1 d5 28.Nc5 a5 29.bxa5 Qxa5 30.a4 Ne8
31.Rdb1 Rxb1+ 32.Rxb1 Nd6 33.Bd2 Qa7 34.Kg2 Nc4 35.Ncd3 Na3 36.Qc5 Qxc5 37.Rb8+ Be8
38.Nxc5 Kf7 39.a5 Bf8 40.a6  1-0

[Event "Spring op"]
[Site "Budapest"]
[Date "1992.??.??"]
[Round "?"]
[White "Lisik, Valery"]
[Black "Zila, Laszlo"]
[Result "1-0"]
[WhiteElo "2475"]
[BlackElo "2210"]

1.d4 Nf6 2.Nf3 g6 3.c4 Bg7 4.Nc3 O-O 5.e4 d6 6.Be2 e5 7.O-O Nc6 8.d5 Ne7
9.Ne1 Nd7 10.f3 f5 11.g4 Nf6 12.Nd3 Kh8 13.Be3 c5 14.Kg2 a6 15.Nf2 Bd7 16.a3 Rb8
17.b4 b6 18.Rb1 Qc7 19.h3 h6 20.h4 h5 21.g5 Nfg8 22.Qc2 f4 23.Bd2 Ra8 24.Rb2 Rfb8
25.Rfb1 Nc8 26.Na2 Nge7 27.Nc1 Kh7 28.Ncd3 Be8 29.Bf1 Bd7 30.Kh2 Kh8 31.Bh3 Bxh3
32.Nxh3 Kh7 33.Nhf2 Kh8 34.Nh3 Kh7 35.Ng1 Kh8 36.Ne2 Kh7 37.Kg2 Bf8 38.bxc5 bxc5
39.Rb3 Rxb3 40.Qxb3 Ra7 41.Qb8 Qxb8 42.Rxb8 Kg7 43.Ba5 Kf7 44.Nc3 Bg7 45.Na4 Bf8
46.Nc1 Bg7 47.Nb3 Bf8 48.Nb6 Rc7 49.Na8 Ra7 50.Nc7 Bg7 51.Ne6 Bf8 52.Bc7  1-0

[Event "Spring op"]
[Site "Budapest"]
[Date "1992.??.??"]
[Round "?"]
[White "Cvitan, Ognjen"]
[Black "Von Alvensleben, Wolfram"]
[Result "1-0"]
[WhiteElo "2505"]
[BlackElo "2295"]

1.d4 Nf6 2.c4 g6 3.Nc3 Bg7 4.e4 d6 5.Be2 O-O 6.Nf3 e5 7.O-O Nc6 8.d5 Ne7
9.Nd2 a5 10.a3 Nd7 11.Rb1 f5 12.b4 Kh8 13.f3 Ng8 14.Qc2 Ngf6 15.Bd3 axb4
16.axb4 f4 17.Be2 Rf7 18.Bb2 h5 19.c5 g5 20.Nb5 Ne8 21.Ra1 Rb8 22.Na7 Ndf6
23.Nxc8 Rxc8 24.Rfc1 Rb8 25.b5 g4 26.b6 gxf3 27.gxf3 dxc5 28.bxc7 Rxc7 29.Kh1 Nd7
30.Nc4 Qf6 31.Rg1 b5 32.Na5 Nd6 33.Nc6 Rg8 34.Ra6 Bf8 35.Qd1 Rxg1+ 36.Qxg1 Kh7
37.Qf1 c4 38.Qh3 Qg5 39.Ra8 Nf7 40.Ra1 Bc5 41.Bc3 Qg6 42.Rb1 Nd6 43.Rd1 Rb7
44.Nxe5 Nxe5 45.Bxe5 Nxe4 46.fxe4 Qxe4+ 47.Bf3 Qxe5 48.d6 Rb8 49.Bxh5 b4
50.d7 Bb6 51.Be2+ Kg7 52.Qg2+ Kf6 53.Bxc4 Qc5 54.Bd3 Qf2 55.Qg6+ Ke7 56.Qg7+ Kd8
57.Qf8+ Kxd7 58.Bb5+ Ke6 59.Bd7+  1-0

[Event "Donau Cup op"]
[Site "Budapest"]
[Date "1992.??.??"]
[Round "4"]
[White "Groszpeter, Attila"]
[Black "Frolov, Artur"]
[Result "1-0"]
[WhiteElo "2495"]
[BlackElo "2495"]

1.d4 Nf6 2.c4 g6 3.Nc3 Bg7 4.e4 d6 5.Nf3 O-O 6.Be2 e5 7.O-O Nc6 8.Be3 Ng4
9.Bg5 f6 10.Bc1 Nh6 11.dxe5 dxe5 12.c5 Kh8 13.Qxd8 Nxd8 14.h3 Ne6 15.Be3 f5
16.Bxh6 Bxh6 17.exf5 gxf5 18.Nxe5 Nxc5 19.Bf3 Bg7 20.Rfe1 Ne4 21.Nxe4 Bxe5
22.Nc3 Bg7 23.Rad1 c6 24.Na4 f4 25.b3 Bf6 26.Nc5 Kg8 27.Kf1 Bc3 28.Re4 Bf5
29.Rc4 Be5 30.Nxb7 Rab8 31.Bxc6 f3 32.Bxf3  1-0

[Event "Budapest Nuovo"]
[Site "Budapest"]
[Date "1992.??.??"]
[Round "4"]
[White "Lukacs, Peter"]
[Black "Stummer, Anton"]
[Result "1/2-1/2"]
[WhiteElo "2490"]
[BlackElo "2310"]

1.d4 Nf6 2.c4 g6 3.Nc3 Bg7 4.e4 d6 5.Nf3 O-O 6.Be2 e5 7.O-O Nc6 8.Be3 Re8
9.dxe5 dxe5 10.c5 Bg4 11.Bb5 Qc8 12.h3 Rd8 13.Nd5 Nxd5 14.exd5 Be6 15.dxe6 Rxd1
16.exf7+ Kxf7 17.Bc4+ Kf8 18.Raxd1 h6 19.Nh4 g5 20.Ng6+ Ke8 21.f4 Qf5 22.Nxe5 Nxe5
23.fxe5 Qe4 24.Bf7+ Ke7 25.Rde1 Qc6 26.Bb3 Rf8 27.Rxf8 Bxf8 28.e6 Ke8 29.Rc1 Qe4
30.Bf2 Be7 31.Rc2 g4 32.hxg4 Qxg4 33.Rc1 Bh4 34.Bxh4  1/2-1/2

[Event "Elekes mem"]
[Site "Budapest"]
[Date "1992.??.??"]
[Round "8"]
[White "Lukacs, Peter"]
[Black "Almasi, Zoltan"]
[Result "1/2-1/2"]
[WhiteElo "2490"]
[BlackElo "2390"]

1.d4 Nf6 2.c4 g6 3.Nc3 Bg7 4.e4 d6 5.Nf3 O-O 6.Be2 e5 7.O-O Nc6 8.Be3 Ng4
9.Bg5 f6 10.Bc1 f5 11.Bg5 Bf6 12.Bxf6 Nxf6 13.exf5 gxf5 14.dxe5 dxe5 15.Qxd8 Rxd8
16.Nd5 Ne8 17.Rfd1 Be6 18.Rd2 Rd6 19.Rad1 Rad8 20.g3 h6 21.Nc3  1/2-1/2

[Event "Eurodata"]
[Site "Budapest"]
[Date "1992.??.??"]
[Round "9"]
[White "David, Alberto"]
[Black "Kindermann, Stefan"]
[Result "0-1"]
[WhiteElo "2365"]
[BlackElo "2505"]

1.d4 Nf6 2.Nf3 g6 3.c4 Bg7 4.Nc3 d6 5.e4 O-O 6.Be2 e5 7.O-O Nc6 8.d5 Ne7
9.b4 Nh5 10.c5 h6 11.Nd2 Nf4 12.Nc4 f5 13.cxd6 cxd6 14.Nb5 fxe4 15.Ncxd6 a6
16.Nxc8 Rxc8 17.Na3 Nexd5 18.Bc4 Kh8 19.g3 b5 20.Bxd5 Nxd5 21.Nc2 Nc3 22.Qxd8 Rfxd8
23.Ne3 h5 24.Re1 Bh6 25.Bb2 Kg8 26.Rac1 Nxa2 27.Rxc8 Rxc8 28.Nd5 Rd8 29.Ne7+ Kf7
30.Nc6 Rd2 31.Nxe5+ Ke6 32.Ba1 Nxb4 33.Nf3 Rd3 34.Rxe4+ Kd5 35.Re5+ Kd6 36.Re4 Nc2
37.Ne5 Rd1+ 38.Kg2 Rxa1 39.Nf7+ Kd5 40.Re2 Ne1+  0-1

[Event "Eurodata"]
[Site "Budapest"]
[Date "1992.??.??"]
[Round "10"]
[White "Lukacs, Peter"]
[Black "Sherzer, Alex"]
[Result "1-0"]
[WhiteElo "2455"]
[BlackElo "2460"]

1.d4 Nf6 2.c4 g6 3.Nc3 Bg7 4.e4 d6 5.Nf3 O-O 6.Be2 e5 7.O-O Nc6 8.d5 Ne7
9.Nd2 a5 10.a3 Nd7 11.Rb1 f5 12.b4 Kh8 13.f3 Ng8 14.Qc2 Ndf6 15.c5 Nh5 16.Nc4 axb4
17.axb4 Nf4 18.Be3 Nf6 19.Ra1 Rxa1 20.Rxa1 fxe4 21.fxe4 Ng4 22.Bxg4 Bxg4
23.b5 Qg5 24.Kh1 Qh5 25.Rf1 g5 26.b6 cxb6 27.Nxd6 Rf6 28.Nf5 bxc5 29.Bxc5 Bf8
30.Bxf8 Rxf8 31.d6 Qg6 32.Qd2 Rd8 33.g3 Nh5 34.Qd5 Qf6 35.d7 Ng7 36.Qd6 Qf7
37.Ne3 Bf3+ 38.Kg1 g4 39.Nxg4  1-0

[Event "Donau Cup op"]
[Site "Budapest"]
[Date "1992.??.??"]
[Round "11"]
[White "Groszpeter, Attila"]
[Black "Pugachov, Alexey"]
[Result "0-1"]
[WhiteElo "2495"]
[BlackElo "2355"]

1.d4 Nf6 2.c4 g6 3.Nc3 Bg7 4.e4 d6 5.Nf3 O-O 6.Be2 e5 7.O-O Nc6 8.Be3 h6
9.d5 Ne7 10.Nd2 Nh7 11.c5 f5 12.cxd6 cxd6 13.Nc4 f4 14.Bd2 Nf6 15.f3 Bd7
16.a4 g5 17.Qb3 g4 18.Nxd6 Kh7 19.Nxb7 Qe8 20.Nc5 g3 21.hxg3 fxg3 22.f4 Bg4
23.Bxg4 Nxg4 24.Ne2 exf4 25.Rxf4 Rxf4 26.Bxf4 Nf5 27.Ne6 Qh5 28.Bxg3 Nxg3
29.Qxg3 Be5 30.N2f4 Bxf4 31.Qxf4 Kh8 32.Re1 Rg8 33.e5 Qg6 34.Nd4  0-1

[Event "Wch U20"]
[Site "Buenos Aires"]
[Date "1992.??.??"]
[Round "?"]
[White "Michelakis, George"]
[Black "Egger, Jorge"]
[Result "0-1"]
[WhiteElo "2355"]
[BlackElo "2460"]

1.d4 Nf6 2.c4 g6 3.Nc3 Bg7 4.e4 d6 5.Be2 O-O 6.Nf3 e5 7.O-O Nc6 8.d5 Ne7
9.b4 Nh5 10.g3 f5 11.Ng5 Nf6 12.f3 f4 13.Kg2 c6 14.Qd3 Ne8 15.Nh3 a5 16.bxa5 Rxa5
17.Bd2 h5 18.Ng5 Bh6 19.Ne6 Bxe6 20.dxe6 Ra8 21.Rab1 b6 22.Be1 Ng7 23.Bf2 Nc8
24.Nd5 cxd5 25.exd5 fxg3 26.hxg3 Rxa2 27.Qe4 Nf5 28.g4 Ne3+ 29.Bxe3 Rxe2+
30.Rf2 Rxe3 31.Qxg6+ Bg7 32.gxh5 Qf6 33.Qg4 Kh8 34.h6 Bxh6 35.Rh1 Rg8  0-1

[Event "Wch U20"]
[Site "Buenos Aires"]
[Date "1992.??.??"]
[Round "?"]
[White "Tratar, Marko"]
[Black "Egger, Jorge"]
[Result "0-1"]
[WhiteElo "2290"]
[BlackElo "2460"]

1.d4 Nf6 2.c4 g6 3.Nc3 Bg7 4.e4 d6 5.Nf3 O-O 6.Be2 e5 7.O-O Nc6 8.d5 Ne7
9.Nd2 a5 10.a3 Nd7 11.Rb1 f5 12.b4 Kh8 13.f3 Ng8 14.Qc2 Ngf6 15.Nb5 Nh5 16.g3 Ndf6
17.c5 Bd7 18.Rb3 axb4 19.axb4 Bh6 20.Rc3 fxe4 21.fxe4 Bh3 22.Re1 Qd7 23.c6 bxc6
24.dxc6 Qe7 25.Nf3 Bxc1 26.Rxc1 Ng7 27.Rb3 Ne6 28.Rd1 Bg4 29.Re3 Qg7 30.Re1 Qh6
31.Bd1 Ra1 32.Nc3 Bxf3 33.Rxf3 Nd4 34.Qf2 Nxf3+ 35.Qxf3 Nd5 36.Qd3 Nxb4  0-1